000
00208nam a22000857a 4500
008
170124b xxu||||| |||| 00| 0 eng d
100
_9
2558
_a
Murty.S
245
_a
Wise and otherwise
260
_a
india
_b
penguin
_c
2016
999
_c
5656
_d
5656